| 000 | 00889cam a22002653a 4500 | ||
|---|---|---|---|
| 001 | 17848 | ||
| 003 | PGUSA | ||
| 005 | 20140828083359.0 | ||
| 008 | 060224s2006||||xxu|||||s|||||000 | eng d | ||
| 040 |
_aPGUSA _beng |
||
| 042 | _adc | ||
| 050 | 4 | _aDA | |
| 100 | 1 | _aBenson, Edwin | |
| 245 | 1 | 0 |
_aLife in a MediƦval City : _bIllustrated by York in the XVth Century _h[electronic resource] / _cEdwin Benson |
| 260 |
_bProject Gutenberg, _c2006 |
||
| 506 | _aPublic domain in the USA. | ||
| 516 | _aElectronic text | ||
| 653 | _aYork (England) -- History | ||
| 653 | _aYork (England) -- Social life and customs | ||
| 740 | 0 | _aLife in a Mediaeval City Illustrated by York in the Fifteenth Century | |
| 740 | 0 | _aLife in a Mediaeval City Illustrated by York in the 15th Century | |
| 830 | 0 |
_aProject Gutenberg _v17848 |
|
| 856 | 4 | 0 | _uhttp://www.gutenberg.org/ebooks/17848 |
| 942 | _cEB | ||
| 999 |
_c247103 _d247103 |
||